000 00422 a2200145 4500
005 20250620094510.0
020 _a978-0-07-250078-3
082 _a658.5'03 BEC
100 _aBECKMAN. S. L.
245 _aOperations Strategy: Competing in the 21st Century.
260 _aNew York,
_bMc Graw Hill,
_c2008.
300 _axvii, 462p.; ill, figure, picture $ table
_bIndex
_c24cm
700 _aROSENFIELD. D. B.
942 _2ddc
_cBKS
999 _c4502
_d4502